000 00493nam a2200193Ia 4500
003 OSt
005 20220926044730.0
006 a|||||r|||| 00| 0
007 ta
008 220923b |||||||| |||| 00| 0 eng d
037 _cGeneral Book
040 _aRTL
_cRTL
_beng
041 _2eng
_aeng
082 _aSegma.216N61, K3
245 0 _aStatistical abstract Andhera Pradesh 1997
260 _c1962
942 _hSegma.216N61, K3
_cGB
_2CC
999 _c675622
_d675622